00445nam a2200157Ia 4500003000900000008004100009040001600050080001500066100002400081245008800105260002700193300001500220650001300235650001500248650002400263IN-BaIIA211028s9999 xx 000 0 eng d cIIA Library a521.1bPON aPontecoulant, G. de 0aTheorie analytique du systeme du mondebtome second (in French)cG. de Pontecoulant aParisbBachelierc1829 axiv, 504p. aArchives aAstrometry aCelestial Mechanics